| 000 | 00555cam a22002175a 4500 | ||
|---|---|---|---|
| 020 | _a0439130352 (pbk.) | ||
| 040 | _cFTL | ||
| 082 | 0 | 0 | _a813 SCH 2001 A092 Or. |
| 100 | 1 | _aBrooke, Lauren. | |
| 245 | 1 | 0 | _aOne day you'll know / |
| 260 |
_aNew York : _bScholastic, _c2001. |
||
| 300 |
_a193 p. ; _c20 cm. |
||
| 490 | 1 | _aHeartland ; | |
| 500 | _a"A Working partners series"--P. [4] of cover. | ||
| 650 | 1 | _aHorses | |
| 650 | 1 | _aMotherless families | |
| 650 | 1 | _aHorse farms | |
| 650 | 1 | _aGrief | |
| 650 | 1 | _aInterpersonal relations | |
| 942 | _cEK | ||
| 999 |
_c12034 _d12034 |
||